000 00574nam a2200181Ia 4500
008 100921s9999 xx 000 0 und d
082 _b2156
_a330 थ 68
100 _aHalm Geroge N.
245 _aEconomic Systems.
260 _bऑक्सफर्ड आणि इभ प्रकाशन,कलकत्ता.
_c1968
300 _a420
_b---
365 _b13
520 _aस.शा.अर्थशास्त्र.
630 _aEconomic Systems.
650 _aस.शा.अर्थशास्त्र.
730 _aEconomic Systems.
942 _cBOOK
999 _c751269
_d751266